000 00604nam a2200193Ia 4500
005 20250508155636.0
008 008 250505s9999 xx 000 0 eng d
037 _aDissertations
040 _aFEDL
_beng
_cFEDL
041 _aeng
_2eng
084 _a370.709 542 5, MAH/DI
_qFEDL
100 _aMaheshwari P N
_9561873
245 0 _aInvestigation into the reading interests of teacher-educators of Agra university
260 _c1967
300 _a123p.
546 _aM.Ed. Dissertation (Delhi University)
942 _cDIS
_h370.709 542 5, MAH/DI
999 _c1358456
_d1358456